000
00267nam a2200109Ia 4500
008
200302s9999 xx 000 0 und d
100
_a
Ulrich Conrads & Other
245
_a
Fantastic Architecture
260
_b
The Architectural Press
260
_c
1960
300
_a
187 P.,
999
_c
257
_d
257